Library of the University of Algiers 3
Ibrahim Sultan Cheibout
شعار جامعة الجزائر 3
مكتبة جامعة الجزائر 3
إبراهيم سلطان شيبوط

ادارة المزارع / (رقم التسجيلة. 45781)

تفاصيل مارك
000 -LEADER
fixed length control field 01065nam a2200217Ia 4500
003 - CONTROL NUMBER IDENTIFIER
control field Ost
005 - DATE AND TIME OF LATEST TRANSACTION
control field 20260507075659.0
008 - FIXED-LENGTH DATA ELEMENTS--GENERAL INFORMATION
fixed length control field 260507s9999||||xx |||||||||||||| ||und||
020 ## - INTERNATIONAL STANDARD BOOK NUMBER
International Standard Book Number 977212064X
040 ## - CATALOGING SOURCE
Transcribing agency fsecg
041 ## - LANGUAGE CODE
Language code of text/sound track or separate title ara
100 ## - MAIN ENTRY--PERSONAL NAME
Personal name المصري، أحمد محمد
Relator term مؤلف
245 #0 - TITLE STATEMENT
Title ادارة المزارع /
Statement of responsibility, etc. أحمد محمد المصري
260 ## - PUBLICATION, DISTRIBUTION, ETC.
Place of publication, distribution, etc. الاسكندرية:
Name of publisher, distributor, etc. مؤسسة شباب الجامعة,
Date of publication, distribution, etc. 1996
300 ## - PHYSICAL DESCRIPTION
Extent 100 صفحة؛
Other physical details مصور
Dimensions 23 سم
490 ## - SERIES STATEMENT
Series statement سلسلة إدارة المنشأت المتخصصة
504 ## - BIBLIOGRAPHY, ETC. NOTE
Bibliography, etc. note يبليوغرافيا ص.96
520 ## - SUMMARY, ETC.
Summary, etc. القواعد العامة للادارة -طبيغة نشاط المزارع -أهم المشاكل -عرض لبعض الحالات العملية للمزارع -مزارع الشباب-مشروع مربوط للمزارع السمكية -مشاريع مؤسسة فريديش نارمان-مزارع التبحزايدآل نهان
653 ## - INDEX TERM--UNCONTROLLED
Uncontrolled term الزراعة ، اقتصاد المزارع ، المزارع
942 ## - ADDED ENTRY ELEMENTS (KOHA)
Koha item type كتب
المقتنيات
Withdrawn status Lost status Source of classification or shelving scheme Damaged status Not for loan Home library Current library Date acquired Serial enumeration / chronology Inventory number Total checkouts Full call number Barcode Date last seen Price effective from Koha item type
    Library of Congress Classification   NOT LOAN / إعارة داخلية مكتبة كلية العلوم الإقتصادية والعلوم التجارية وعلوم التسيير مكتبة كلية العلوم الإقتصادية والعلوم التجارية وعلوم التسيير 07/05/2026 الطابق الأرضي 815/1   أ/815ن1 815/1 07/05/2026 07/05/2026 كتب
    Dewey Decimal Classification   Available مكتبة كلية العلوم الإقتصادية والعلوم التجارية وعلوم التسيير مكتبة كلية العلوم الإقتصادية والعلوم التجارية وعلوم التسيير 07/05/2026 الطابق الثاني 815/2   أ/815ن2 815/2 07/05/2026 07/05/2026 كتب

موارد الويب المفتوحة


© University of Algiers 3 All Rights Reserved
|
Implemented by LECHELAH Riad